000 00896nam a2200253Ia 4500
003 OSt
005 20200728134704.0
008 191128s2005 ck fr 000 0 spa d
020 _a9588059747
040 _aCO-JMCR
_cCO-JMCR
041 0 _aspa
082 0 4 _a341.481 /
_bA494d
_223
100 1 _aAmbos, Kai,
_eautor
_97982
245 1 0 _aDerechos humanos y derecho penal internacional /
_cKai Ambos
260 _aBogotá :
_bProcuraduría General de la Nación,
_c2005
300 _a77 páginas ;
_c17 cm.
490 0 _aPensamiento jurídico ;
_v16
500 _aIncluye notas a pie de página.
505 0 _aDerechos humanos y derecho penal internacional -- Sobre los fines de la pena al nivel nacional y supranacional
650 1 4 _aDerechos humanos (Derecho internacional)
_97983
650 1 4 _aDelitos internacionales
_97984
650 1 4 _aJurisdicción penal
_97985
942 _2ddc
_cBK
999 _c4701
_d4701